| 000 | 05868 a2200493 4500 | ||
|---|---|---|---|
| 008 | 081229t xxu||||| |||| 00| 0 eng d | ||
| 010 | _aB-277977-998 | ||
| 020 |
_a9788123749419 _c45.00 |
||
| 035 | _aB-277977-998 | ||
| 037 | _bNorth India/N147/08/12.6.08/70/16.5.08/11.7.08 | ||
| 040 |
_adpl _bEnglish |
||
| 082 | _a954.0841 | ||
| 245 |
_aBhagat Singh: _bselected speeches and writings/ _cedited by D.N. Gupta |
||
| 260 |
_aNew Delhi _bNational Book Trust, India _c2007 |
||
| 270 |
_aA-5, Green Park _bNew Delhi _cNew Delhi _e110 016 |
||
| 300 |
_axxiv, 152p. _c21cm. (Hb) |
||
| 490 | _aPopular social science | ||
| 942 |
_adpl _cEN _2ddc _mBHA _h954.0841 |
||
| 999 |
_c24669 _d24669 |
||